[Event "POL-chT 1st League"]
[Site "Katowice"]
[Date "2010.09.05"]
[Round "2"]
[White "Cherednichenko, Svetlana"]
[Black "Stoma, Katarzyna"]
[Result "1-0"]
[WhiteElo "2285"]
[BlackElo "1944"]
[PlyCount "35"]
[EventDate "2010.09.04"]
[EventType "team-tourn"]
[EventRounds "9"]
[EventCountry "POL"]
[SourceTitle "EXT 2019"]
[Source "ChessBase"]
[SourceDate "2018.10.10"]
[SourceVersion "1"]
[SourceVersionDate "2018.10.10"]
[SourceQuality "1"]
[WhiteTeam "Raciborz Silesia"]
[BlackTeam "Lublin Drakon SKOK Chmielewskiego"]
[WhiteTeamCountry "POL"]
[BlackTeamCountry "POL"]

1. d4 d5 2. c4 c6 3. Nc3 Nf6 4. Nf3 a6 5. e3 Bf5 6. Qb3 b5 7. cxb5 cxb5 8. a4 b4 9. Qxb4 Nc6 10. Qc5 Na5 11. Bxa6 Rxa6 12. Qb5+ Rc6 13. Ne5 Bd7 14. Nxc6 Bxc6 15. Qa6 e6 16. 0-0 Bb4 17. Na2 Bb7 18. Qb5+ 1-0